<?xml version="1.0" encoding="UTF-8"?>
<collection xmlns="http://www.loc.gov/MARC21/slim">
 <record>
  <leader>01840nam a2200229Ia 4500</leader>
  <controlfield tag="001">CTU_160538</controlfield>
  <controlfield tag="008">210402s9999    xx            000 0 und d</controlfield>
  <datafield tag="082" ind1=" " ind2=" ">
   <subfield code="a">664.028</subfield>
  </datafield>
  <datafield tag="082" ind1=" " ind2=" ">
   <subfield code="b">Nh300</subfield>
  </datafield>
  <datafield tag="088" ind1=" " ind2=" ">
   <subfield code="a">60540101</subfield>
  </datafield>
  <datafield tag="100" ind1=" " ind2=" ">
   <subfield code="a">Trần, Thị Thanh Nhi</subfield>
  </datafield>
  <datafield tag="245" ind1=" " ind2="0">
   <subfield code="a">Xây dựng mô hình đánh giá chất lượng trái thanh long trong thời gian tăng trưởng và sau thu hoạch :</subfield>
  </datafield>
  <datafield tag="245" ind1=" " ind2="0">
   <subfield code="b">Luận văn Thạc sĩ Khoa học. Chuyên ngành: Công nghệ thực phẩm &amp; đồ uống</subfield>
  </datafield>
  <datafield tag="245" ind1=" " ind2="0">
   <subfield code="c">Trần Thị Thanh Nhi; Nguyễn Minh Thủy, Lê Nguyễn Đoan Duy ( Hướng dẫn Khoa học)</subfield>
  </datafield>
  <datafield tag="260" ind1=" " ind2=" ">
   <subfield code="a">Cần Thơ</subfield>
  </datafield>
  <datafield tag="260" ind1=" " ind2=" ">
   <subfield code="b">Trường Đại học Cần Thơ</subfield>
  </datafield>
  <datafield tag="260" ind1=" " ind2=" ">
   <subfield code="c">2010</subfield>
  </datafield>
  <datafield tag="520" ind1=" " ind2=" ">
   <subfield code="a">Nội dung nghiên cứu của đề tài là xây dựng biểu đồ tăng trưởng và bảng màu trái thanh long ở các nhiệt độ tồn trữ khác nhau sau thu hoạch. Xây dựng mô hình tương quan giữa sự thay đổi thành phần hóa học theo thời gian tăng trưởng và các điều kiện tồn trữ (nhiệt độ, thời gian). Thiết lập mô hình tương quan giữa các tính chất vật lý với thành phần hóa học của nguyên liệu ở các thời điểm tăng trưởng và sau thu hoạch. Thiết lập trang web quản lý dữ liệu chất lượng của trái thanh long ở các thời điểm tăng trưởng và sau thu hoạch.</subfield>
  </datafield>
  <datafield tag="650" ind1=" " ind2=" ">
   <subfield code="a">Fruit,Fruit,Tropical fruit,Trái cây,Trái cây</subfield>
  </datafield>
  <datafield tag="650" ind1=" " ind2=" ">
   <subfield code="x">Preservation,Packaging,Sự bảo quản,Sự đóng gói</subfield>
  </datafield>
  <datafield tag="904" ind1=" " ind2=" ">
   <subfield code="i">Năm</subfield>
  </datafield>
  <datafield tag="980" ind1=" " ind2=" ">
   <subfield code="a">Trung tâm Học liệu Trường Đại học Cần Thơ</subfield>
  </datafield>
 </record>
</collection>
